[Event "Euro Online U2300 Day 1"]
[Site "chess.com INT"]
[Date "2020.05.25"]
[Round "1"]
[White "Cech, Dominik"]
[Black "Kashtanov, Ruslan"]
[Result "0-1"]
[BlackTitle "IM"]
[WhiteElo "2137"]
[BlackElo "2376"]
[WhiteFideId "14908212"]
[BlackFideId "4124871"]
[EventDate "2020.05.25"]

1. e4 c5 2. Nf3 e6 3. d4 cxd4 4. Nxd4 Nf6 5. Nc3 d6 6. Be2 a6 7. a4 b6 8. f4 Bb7
9. Bf3 Nbd7 10. O-O Qc7 11. Kh1 Be7 12. Qe1 O-O 13. Be3 Rfe8 14. Rd1 Bf8 15. Qg3
Nc5 16. e5 Nfe4 17. Nxe4 Nxe4 18. Bxe4 Bxe4 19. Rf2 Rad8 20. b3 Qc3 21. Rfd2 Rd7
22. Ne2 Qc7 23. c4 Red8 24. Nc3 Bf5 25. Qf2 dxe5 26. Rxd7 Rxd7 27. Rxd7 Qxd7 28.
fxe5 Qd3 29. Qe1 Bb4 30. Bd2 Qc2 31. h3 Qxb3 32. Ne2 Bc5 33. Kh2 Qxc4 34. Ng3
Bg6 35. Be3 Qxa4 36. Bxc5 bxc5 37. Qc3 Qd4 38. Qb3 Qxe5 39. Qb7 h5 40. Qxa6 h4 0-1

[Event "Euro Online U2300 Day 1"]
[Site "chess.com INT"]
[Date "2020.05.25"]
[Round "1"]
[White "Golubenko, Valeriy"]
[Black "Lopez Del Alamo, Antonio"]
[Result "1-0"]
[BlackTitle "FM"]
[WhiteElo "2211"]
[BlackElo "2283"]
[WhiteFideId "2216477"]
[BlackFideId "2227339"]
[EventDate "2020.05.25"]

1. d4 Nf6 2. Bg5 Ne4 3. Bh4 c5 4. f3 g5 5. fxe4 gxh4 6. e3 Bh6 7. Qh5 Bxe3 8.
Qxc5 Nc6 9. Nf3 d6 10. Qc3 Qa5 11. Qxa5 Nxa5 12. Bb5+ Bd7 13. Bxd7+ Kxd7 14.
Nbd2 Rhg8 15. Nf1 Bf4 16. Nxh4 Rg4 17. Kf2 Rxh4 18. g3 Bxg3+ 19. Nxg3 e6 20. c3
Rg8 21. Rae1 Nc6 22. Kg2 Rhg4 23. Rhf1 Ke7 24. Kh3 R4g6 25. Rf4 Rh6+ 26. Kg2 e5
27. dxe5 Nxe5 28. Rd1 Ng4 29. Nf5+ Kf8 30. Nxh6 Ne3+ 31. Kf3 Nxd1 32. Nxg8 Kxg8
33. Rf6 Nxb2 34. Rxd6 Nc4 35. Rd8+ Kg7 36. Kf4 a5 37. Rc8 Na3 38. Rc5 b6 39. Rc6
Nb5 40. e5 Kf8 41. a4 Na3 42. Rxb6 Kg7 43. Rb7 Kf8 44. h4 Nc4 45. Rb5 Kg7 46.
Rc5 Nb2 47. Rxa5 Nd3+ 48. Kf5 Kh6 49. Ra7 Kh5 50. Rxf7 h6 51. Rf6 Nc5 52. e6
Kxh4 53. Rxh6+ Kg3 54. e7 1-0

[Event "Euro Online U2300 Day 1"]
[Site "chess.com INT"]
[Date "2020.05.25"]
[Round "1"]
[White "Malovanyi, Yulian"]
[Black "Potapenko, Denis"]
[Result "1-0"]
[WhiteTitle "FM"]
[WhiteElo "2311"]
[BlackElo "2150"]
[WhiteFideId "14171198"]
[BlackFideId "4132769"]
[EventDate "2020.05.25"]

1. e4 c5 2. Nc3 e6 3. Nge2 d5 4. exd5 exd5 5. d4 Nf6 6. g3 Nc6 7. Bg2 Be6 8. O-O
h6 9. dxc5 Bxc5 10. Nf4 Ne7 11. Qe2 Qd7 12. Nxe6 Qxe6 13. Qb5+ Qc6 14. Qxc6+
bxc6 15. Na4 Bd6 16. Be3 Nd7 17. Rfd1 O-O 18. c4 Nf6 19. Rac1 Rfd8 20. Bd4 Ne4
21. cxd5 cxd5 22. Nc3 f5 23. Nb5 Bb8 24. Re1 a6 25. Nc7 Bxc7 26. Rxc7 Re8 27. f3
Rac8 28. Rxc8 Rxc8 29. fxe4 dxe4 30. Bf1 Nd5 31. b3 Rc2 32. Bc4 1-0

[Event "Euro Online U2300 Day 1"]
[Site "chess.com INT"]
[Date "2020.05.25"]
[Round "1"]
[White "Hartikainen, Jarmo"]
[Black "Hadzimanolis, Antonios"]
[Result "0-1"]
[WhiteTitle "CM"]
[BlackTitle "FM"]
[WhiteElo "2149"]
[BlackElo "2214"]
[WhiteFideId "503134"]
[BlackFideId "4202813"]
[EventDate "2020.05.25"]

1. e4 e5 2. Nf3 Nc6 3. d4 exd4 4. Nxd4 Qf6 5. Be3 Bc5 6. c3 Nge7 7. g3 d5 8. Bg2
dxe4 9. O-O Bxd4 10. cxd4 Bf5 11. Nc3 O-O-O 12. Qa4 Nd5 13. Nxe4 Bxe4 14. Bxe4
Rhe8 15. Bg2 Nb6 16. Qb3 Nxd4 17. Bxd4 Rxd4 18. Rad1 Red8 19. Rxd4 Qxd4 20. Qxf7
Qxb2 21. Qf5+ Kb8 22. Qxh7 a5 23. Qe4 c6 24. Rb1 Qxa2 25. Rxb6 Rd1+ 26. Bf1 Qa1
27. Qg2 a4 28. h4 a3 29. Qxc6 Rxf1+ 30. Kg2 Rg1+ 31. Kh3 Rh1+ 32. Kg4 Qd4+ 33.
f4 Qd1+ 34. Kg5 Qd8+ 35. Kh5 Qh8+ 36. Kg5 Qh6+ 37. Qxh6 gxh6+ 38. Kxh6 a2 0-1

[Event "Euro Online U2300 Day 1"]
[Site "chess.com INT"]
[Date "2020.05.25"]
[Round "1"]
[White "Kusa, Jakub"]
[Black "Bozanic, Ivica"]
[Result "1-0"]
[BlackTitle "FM"]
[WhiteElo "2177"]
[BlackElo "2162"]
[WhiteFideId "395595"]
[BlackFideId "14501414"]
[EventDate "2020.05.25"]

1. e4 e5 2. Nf3 Nc6 3. d4 exd4 4. Nxd4 Nf6 5. Nxc6 bxc6 6. Qe2 Qe7 7. Nc3 d5 8.
exd5 cxd5 9. Bg5 Qxe2+ 10. Bxe2 Bb4 11. O-O-O Bxc3 12. bxc3 Ne4 13. Rxd5 Be6 14.
Re5 Nxg5 15. Rxg5 O-O 16. Rc5 Bxa2 17. c4 Rab8 18. Kd2 Rb4 19. Ra5 Bxc4 20. Kc3
Bxe2 21. Kxb4 a6 22. Re1 Rb8+ 23. Kc5 Bb5 24. c4 Bd7 25. Rxa6 Be6 26. Ra7 Rc8
27. Rd1 g6 28. Rd4 h6 29. Kc6 Rb8 30. c5 Rb2 31. Rf4 g5 32. Rf6 Kg7 33. Rf3 Rd2
34. Kxc7 Bd5 35. Rf5 Be6 36. Rf3 Bd5 37. Rg3 Rxf2 38. Kd6 Bxg2 39. Rc3 Be4 40.
c6 Rxh2 41. c7 Bf5 42. Rf3 Rd2+ 43. Ke5 Bd7 44. Rxf7+ 1-0

[Event "Euro Online U2300 Day 1"]
[Site "chess.com INT"]
[Date "2020.05.25"]
[Round "1"]
[White "Hoffmann, Sebastian"]
[Black "Delaney, Killian"]
[Result "0-1"]
[BlackTitle "FM"]
[WhiteElo "2209"]
[BlackElo "2314"]
[WhiteFideId "12954535"]
[BlackFideId "2501570"]
[EventDate "2020.05.25"]

1. e4 c6 2. d4 d5 3. exd5 cxd5 4. Bf4 Nc6 5. c3 Bf5 6. Nd2 e6 7. Ngf3 f6 8. Nh4
g5 9. Nxf5 exf5 10. Qh5+ Kd7 11. Be3 f4 12. Bxf4 gxf4 13. Qxd5+ Kc7 14. Qf3 Bd6
15. O-O-O Nge7 16. Ne4 Ng6 17. h4 h5 18. Bd3 Rh6 19. Rde1 Nge7 20. Nxd6 Qxd6 21.
Re4 Rg8 22. Kb1 f5 23. Re2 Rhg6 24. Qxh5 Rxg2 25. Bxf5 Qd5 26. Qh7 Qxf5+ 27.
Qxf5 Nxf5 28. Kc2 Ng3 29. fxg3 Rxe2+ 30. Kd3 Re3+ 31. Kd2 Rexg3 0-1

[Event "Euro Online U2300 Day 1"]
[Site "chess.com INT"]
[Date "2020.05.25"]
[Round "1"]
[White "Yeke, Serkan"]
[Black "Kacprzak, Kacper"]
[Result "0-1"]
[WhiteTitle "FM"]
[WhiteElo "2099"]
[BlackElo "1977"]
[WhiteFideId "6301142"]
[BlackFideId "21819319"]
[EventDate "2020.05.25"]

1. Nf3 Nf6 2. c4 d6 3. d4 Nbd7 4. Nc3 g6 5. e4 e5 6. Be3 Bg7 7. d5 a5 8. Nd2 O-O
9. Be2 Nc5 10. h4 c6 11. a4 cxd5 12. cxd5 Bd7 13. g4 Qb6 14. g5 Nh5 15. Nc4 Qb4
16. Bd2 Nb3 17. Nb5 Nxd2 18. Qxd2 Bxb5 19. axb5 Qc5 20. Rxa5 Rxa5 21. Qxa5 Nf4
22. Qd2 Ra8 23. O-O Qxb5 24. Re1 Qd7 25. Qe3 Ra6 26. Bf1 Qd8 27. b4 h6 28. b5
Ra2 29. Qg3 hxg5 30. hxg5 f6 31. gxf6 Qxf6 32. Ne3 Ra3 33. Kh2 Nh5 34. Ng4 Qf4
35. Qxf4 Nxf4 0-1

[Event "Euro Online U2300 Day 1"]
[Site "chess.com INT"]
[Date "2020.05.25"]
[Round "1"]
[White "Malczyk, Jakub"]
[Black "Prohorov, Olexandr"]
[Result "1-0"]
[BlackTitle "FM"]
[WhiteElo "2024"]
[BlackElo "2086"]
[WhiteFideId "1130854"]
[BlackFideId "14105578"]
[EventDate "2020.05.25"]

1. d4 g6 2. Nf3 Bg7 3. Bf4 d6 4. e3 Nd7 5. c3 e5 6. Bg3 Nh6 7. Bd3 Qe7 8. Qc2
O-O 9. O-O f5 10. Bc4+ Kh8 11. Bh4 Qe8 12. dxe5 dxe5 13. Nbd2 Nf7 14. h3 h6 15.
Bg3 Nb6 16. Bb3 g5 17. Nc4 Nxc4 18. Bxc4 Nd6 19. Bb3 Bd7 20. Rfd1 f4 21. exf4
exf4 22. Bh2 Qh5 23. Nd4 Rae8 24. Re1 a6 25. f3 c5 26. Ne6 c4 27. Nxg7 Kxg7 28.
Qd2 Qg6 29. Bc2 Bf5 30. Rxe8 Rxe8 31. Bxf5 Nxf5 32. Re1 Ne3 33. Kh1 Qd3 34. Qf2
Rd8 35. Bg1 h5 36. Kh2 b5 37. a3 a5 38. Qe2 Kf6 39. Bxe3 Qxe2 40. Bd4+ Rxd4 41.
Rxe2 Rd1 42. Rf2 Rb1 43. Rd2 Ke5 44. Re2+ Kd5 45. Rd2+ Kc5 46. Re2 Kd5 47. Rd2+
Ke5 48. Re2+ Kf5 49. Rd2 Ke6 50. Re2+ Kf6 51. Rd2 Kf5 52. Re2 g4 53. hxg4+ hxg4
54. fxg4+ Kxg4 55. Rd2 Re1 56. Rf2 Re5 57. Rd2 Rh5+ 58. Kg1 Re5 59. Kf2 1-0

[Event "Euro Online U2300 Day 1"]
[Site "chess.com INT"]
[Date "2020.05.25"]
[Round "1"]
[White "Burkhardt, Holger"]
[Black "Arias Igual, Alejandro"]
[Result "1-0"]
[BlackTitle "FM"]
[WhiteElo "1987"]
[BlackElo "2214"]
[WhiteFideId "4619145"]
[BlackFideId "2254905"]
[EventDate "2020.05.25"]

1. e4 c5 2. Nc3 Nc6 3. Bb5 Nd4 4. Bc4 g6 5. Nge2 Bg7 6. Nxd4 cxd4 7. Qf3 Nh6 8.
d3 O-O 9. Ne2 Qb6 10. h4 d6 11. h5 Bg4 12. Qg3 d5 13. Bxd5 Bxe2 14. Kxe2 g5 15.
Qxg5 Rac8 16. Bb3 Kh8 17. Rh3 Ng8 18. h6 Bf6 19. Qg3 e6 20. Bf4 Rc5 21. e5 Bxe5
22. Bxe5+ Rxe5+ 23. Qxe5+ f6 24. Qxe6 Qc5 25. Kf1 a5 26. Re1 Qg5 27. Rg3 Qxh6
28. Rxg8+ 1-0

[Event "Euro Online U2300 Day 1"]
[Site "chess.com INT"]
[Date "2020.05.25"]
[Round "1"]
[White "Ghukasyan, Siranush"]
[Black "Kopylov, Daniel"]
[Result "1/2-1/2"]
[WhiteTitle "WIM"]
[WhiteElo "2222"]
[BlackElo "2348"]
[WhiteFideId "13300946"]
[BlackFideId "12921971"]
[EventDate "2020.05.25"]

1. e4 c5 2. Nf3 d6 3. d4 cxd4 4. Nxd4 Nf6 5. Nc3 Nc6 6. Bg5 e6 7. Qd2 Be7 8.
O-O-O Nxd4 9. Qxd4 O-O 10. Kb1 Qa5 11. f4 Rd8 12. Be2 h6 13. Bh4 e5 14. Qd2 exf4
15. g3 f3 16. Nd5 Qxd2 17. Nxe7+ Kf8 18. Rxd2 Kxe7 19. Bxf6+ Kxf6 20. Bxf3 Be6
21. Rhd1 Ke5 22. Bg2 Rac8 23. c3 Rc5 24. Kc2 a5 25. a4 b5 26. axb5 Rxb5 27. Kd3
Rdb8 28. Ra1 Rxb2 29. Rxa5+ Kf6 30. Rc2 d5 31. h4 d4 32. e5+ Ke7 33. Ra7+ Kd8
34. Rxb2 Rxb2 35. Ra8+ Kc7 36. Ra7+ Kd8 37. Ra8+ Kc7 38. Ra7+ Kd8 1/2-1/2

[Event "Euro Online U2300 Day 1"]
[Site "chess.com INT"]
[Date "2020.05.25"]
[Round "1"]
[White "Petrovic, Zvonko"]
[Black "Hofer, Maximilian"]
[Result "1-0"]
[WhiteTitle "FM"]
[WhiteElo "2145"]
[BlackElo "2108"]
[WhiteFideId "14500914"]
[BlackFideId "1625560"]
[EventDate "2020.05.25"]

1. Nf3 Nf6 2. g3 g6 3. Bg2 Bg7 4. O-O O-O 5. d4 d6 6. c4 c6 7. Nc3 Qa5 8. e4 Qh5
9. Re1 Bg4 10. Qd3 Na6 11. a3 Nd7 12. b4 c5 13. bxc5 dxc5 14. Nd5 e5 15. Nxe5
Nxe5 16. dxe5 Qxe5 17. Rb1 b6 18. Bb2 Qe8 19. h3 Be6 20. Bxg7 Kxg7 21. Qc3+ f6
22. e5 f5 23. Nf4 Rd8 24. Nxe6+ Qxe6 25. Bd5 Qe7 26. e6+ Kg8 27. Qe5 Nc7 28.
Rbd1 b5 29. cxb5 f4 30. g4 Nxb5 31. Rb1 Rxd5 32. Qxd5 Nc3 33. Qb7 Qh4 34. e7 Re8
35. Qb3+ 1-0

[Event "Euro Online U2300 Day 1"]
[Site "chess.com INT"]
[Date "2020.05.25"]
[Round "1"]
[White "Risteski, Emil"]
[Black "Siradze, Salome"]
[Result "1-0"]
[WhiteElo "2159"]
[BlackElo "2008"]
[WhiteFideId "15005267"]
[BlackFideId "13603973"]
[EventDate "2020.05.25"]

1. e4 c5 2. Nf3 Nc6 3. Bb5 g6 4. Bxc6 dxc6 5. d3 Bg7 6. h3 e5 7. Nc3 Ne7 8. Be3
b6 9. O-O O-O 10. Qd2 Re8 11. Bh6 Bh8 12. Nh2 b5 13. f4 f5 14. fxe5 b4 15. Na4
fxe4 16. dxe4 Qxd2 17. Bxd2 Ba6 18. Rfe1 Bxe5 19. Nf3 Bg3 20. Rec1 Be2 21. Nxc5
Red8 22. Bxb4 a5 23. Ba3 Bxf3 24. gxf3 Rd2 25. Nb3 Re2 26. Bxe7 Kf7 27. Ba3 Bf4
28. Rd1 Rxc2 29. Nd4 Be3+ 30. Kh1 Bxd4 31. Rxd4 Kg7 32. Rad1 Kh6 33. R4d2 Rc4
34. Kg2 Re8 35. b3 Rc3 36. Bb2 Re3 37. Bc1 Rf8 38. Rd3 Rxf3 39. Rxe3 Rxe3 40.
Bxe3+ 1-0

[Event "Euro Online U2300 Day 1"]
[Site "chess.com INT"]
[Date "2020.05.25"]
[Round "1"]
[White "Yelisieiev, Yevhenii"]
[Black "Polczyk, Mikolaj"]
[Result "0-1"]
[WhiteTitle "IM"]
[WhiteElo "2407"]
[BlackElo "2118"]
[WhiteFideId "14139642"]
[BlackFideId "1183494"]
[EventDate "2020.05.25"]

1. d4 Nf6 2. Nf3 e6 3. c4 d5 4. Nc3 dxc4 5. e4 Bb4 6. Bg5 c5 7. Bxc4 cxd4 8.
Nxd4 Bxc3+ 9. bxc3 Qa5 10. Bxf6 Qxc3+ 11. Kf1 gxf6 12. Rc1 Qb4 13. Qh5 Qe7 14.
h4 Nc6 15. Bb5 Bd7 16. Nxc6 bxc6 17. Bxc6 Bxc6 18. Rxc6 Rb8 19. g3 Qd7 20. Qc5
Qd3+ 21. Kg1 Rd8 22. Kh2 Qd4 23. Rb1 Qxc5 24. Rxc5 O-O 25. Rb7 Rd2 26. Rxa7
Rxf2+ 27. Kh3 f5 28. exf5 exf5 29. Rc4 Re8 30. Rcc7 Ree2 31. g4 Re3# 0-1

[Event "Euro Online U2300 Day 1"]
[Site "chess.com INT"]
[Date "2020.05.25"]
[Round "1"]
[White "Karasik, Mikhail"]
[Black "Sirosh, Ilja"]
[Result "0-1"]
[BlackTitle "IM"]
[WhiteElo "2167"]
[BlackElo "2405"]
[WhiteFideId "4154541"]
[BlackFideId "4500458"]
[EventDate "2020.05.25"]

1. e4 e5 2. Nf3 Nc6 3. d4 exd4 4. Nxd4 Nf6 5. Nxc6 bxc6 6. e5 Qe7 7. Qe2 Nd5 8.
c4 Nb6 9. b3 a5 10. Bb2 a4 11. Nd2 axb3 12. axb3 Rxa1+ 13. Bxa1 Qa3 14. Qd1 Bb4
15. Bd3 Qa5 16. Ke2 d6 17. f4 O-O 18. Nf3 dxe5 19. fxe5 Bg4 20. Kf2 Qc5+ 21. Kg3
Bh5 22. Bd4 Qe7 23. Qc2 Bg6 24. Bxg6 hxg6 25. Qe4 Bc5 26. Ba1 f5 27. Qf4 Rd8 28.
h4 Rd3 29. h5 Be3 30. Qh4 g5 31. Qh2 Bf4+ 0-1

[Event "Euro Online U2300 Day 1"]
[Site "chess.com INT"]
[Date "2020.05.25"]
[Round "1"]
[White "Rusu, Vlad"]
[Black "Blum, Frederik"]
[Result "0-1"]
[WhiteElo "1833"]
[BlackElo "2061"]
[WhiteFideId "55623344"]
[BlackFideId "4640136"]
[EventDate "2020.05.25"]

1. e4 c5 2. Nf3 d6 3. d4 cxd4 4. Nxd4 Nf6 5. Nc3 g6 6. Be3 Bg7 7. f3 O-O 8. Qd2
Nc6 9. O-O-O Bd7 10. Nxc6 bxc6 11. Bc4 Qa5 12. h4 Rab8 13. g4 Qb4 14. Bb3 c5 15.
Nd5 Nxd5 16. Qxd5 Be6 17. Qd2 c4 18. Qxb4 Rxb4 19. c3 Rb5 20. Bc2 Rfb8 21. Bxa7
Ra8 22. Bd4 Rxa2 23. Bxg7 Kxg7 24. Kd2 Rbxb2 25. Rc1 Bd7 26. Kd1 Rxc2 27. Rxc2
Ba4 28. Rh2 Kf6 29. f4 e5 30. f5 gxf5 31. exf5 Rxc2 32. Rxc2 h5 33. gxh5 Kxf5
34. Kd2 Bxc2 35. Kxc2 d5 36. Kd2 d4 37. Ke2 Kf6 0-1

[Event "Euro Online U2300 Day 1"]
[Site "chess.com INT"]
[Date "2020.05.25"]
[Round "1"]
[White "Inyushkin, Sergei"]
[Black "Guliev, Sarhan"]
[Result "0-1"]
[BlackTitle "GM"]
[WhiteElo "1555"]
[BlackElo "2308"]
[WhiteFideId "4155122"]
[BlackFideId "13400231"]
[EventDate "2020.05.25"]

1. c4 e5 2. Nc3 Nc6 3. Nf3 g6 4. d4 exd4 5. Nd5 Bg7 6. Bg5 f6 7. Bf4 d6 8. Nxd4
Nge7 9. Nb5 Nxd5 10. cxd5 g5 11. Bg3 f5 12. dxc6 bxc6 13. Nd4 f4 14. e3 O-O 15.
Nxc6 Qe8 16. Bc4+ Kh8 17. O-O fxg3 18. hxg3 Bb7 19. Na5 Be4 20. Bd5 Rb8 21. Nc4
Rb5 22. Bxe4 Qxe4 23. Qe2 Rc5 24. Rac1 g4 25. b3 Qg6 26. f4 gxf3 27. Rxf3 Rxf3
28. Qxf3 d5 29. Rf1 h6 30. Nd2 c6 31. Qf7 Kh7 32. Qxa7 Rc2 33. Nf3 Qxg3 34. Ne1
Qxe3+ 35. Kh1 Qxa7 0-1

[Event "Euro Online U2300 Day 1"]
[Site "chess.com INT"]
[Date "2020.05.25"]
[Round "1"]
[White "Paprocki, Jaroslaw"]
[Black "Akca, Gani Eren"]
[Result "1-0"]
[WhiteElo "2248"]
[BlackElo "2142"]
[WhiteFideId "1122274"]
[BlackFideId "6303013"]
[EventDate "2020.05.25"]

1. d4 Nf6 2. c4 g6 3. Nc3 Bg7 4. e4 d6 5. f3 O-O 6. Be3 Nc6 7. Nge2 a6 8. Qd2
Rb8 9. a3 Nd7 10. b4 Nb6 11. Nc1 e5 12. d5 Nd4 13. Bd3 c5 14. bxc5 dxc5 15. O-O
Bd7 16. Rb1 Nc8 17. Nb3 Qc7 18. a4 Nd6 19. Rfc1 f5 20. exf5 gxf5 21. Bh6 f4 22.
Bxg7 Kxg7 23. Qf2 N6f5 24. Ne4 Bxa4 25. Nbxc5 Bd7 26. Rb2 Kh8 27. Rcb1 Nd6 28.
Nxd6 Qxc5 29. Nxb7 Qa3 30. Be4 Bf5 31. Bxf5 Rxf5 32. c5 Rg8 33. Kh1 Rfg5 34. Nd6
R5g7 35. Qh4 Nxf3 36. Qf6 Ng5 37. Rb8 h5 38. Nf5 Nh7 39. Qxg7# 1-0

[Event "Euro Online U2300 Day 1"]
[Site "chess.com INT"]
[Date "2020.05.25"]
[Round "1"]
[White "Sedykh, Mikhail"]
[Black "Jaroch, Pawel"]
[Result "0-1"]
[WhiteElo "2119"]
[BlackElo "2199"]
[WhiteFideId "447498"]
[BlackFideId "1124366"]
[EventDate "2020.05.25"]

1. d4 Nf6 2. c4 c5 3. d5 b5 4. cxb5 a6 5. bxa6 Bxa6 6. Nc3 d6 7. e4 Bxf1 8. Kxf1
g6 9. Nf3 Bg7 10. g3 O-O 11. Kg2 Nbd7 12. a4 Ng4 13. Qe2 Qb6 14. Bg5 h6 15. Bd2
Qa6 16. Rhb1 Qxe2 17. Nxe2 Nge5 18. Bc3 Nd3 19. Bxg7 Kxg7 20. Nd2 f5 21. Nc3
fxe4 22. Ndxe4 Rab8 23. Nb5 Nf6 24. Nxf6 Rxf6 25. f4 Rf5 26. Nc3 Rxb2+ 27. Rxb2
Nxb2 28. Rb1 Nc4 29. Rb7 Rf7 30. Rb8 g5 31. fxg5 hxg5 32. g4 Rf4 33. h3 Rd4 34.
Rb3 Rd2+ 35. Kg3 Rd3+ 36. Kg2 Ne3+ 37. Kf3 Nxd5+ 38. Ke4 Rxc3 39. Rb7 Nf6+ 40.
Kf5 Kf7 41. Kxg5 Rxh3 42. a5 Rg3 43. Kf4 Rxg4+ 44. Kf3 Ra4 45. Ra7 Ke6 46. a6 d5
47. Ke3 Ra3+ 48. Kd2 Kd6 49. Kc2 Ne4 50. Ra8 Ke5 51. Kb2 Ra5 52. Kb3 Kd4 53. a7
e5 54. Kb2 c4 55. Kc2 Nc5 56. Kb2 e4 57. Kc2 e3 58. Kb2 e2 59. Re8 e1=Q 60. Rxe1
Nd3+ 0-1

[Event "Euro Online U2300 Day 1"]
[Site "chess.com INT"]
[Date "2020.05.25"]
[Round "1"]
[White "Juknis, Paulius"]
[Black "Belenkaya, Dina"]
[Result "1-0"]
[BlackTitle "WGM"]
[WhiteElo "2127"]
[BlackElo "2297"]
[WhiteFideId "12802247"]
[BlackFideId "24142654"]
[EventDate "2020.05.25"]

1. d4 Nf6 2. Bg5 Ne4 3. h4 d5 4. Nd2 c6 5. Nxe4 dxe4 6. c3 Nd7 7. Qc2 h6 8. Bf4
Nf6 9. e3 Bg4 10. Ne2 Bxe2 11. Bxe2 e6 12. Be5 Qd5 13. c4 Qa5+ 14. Kf1 Nd7 15.
Qxe4 Nxe5 16. Qxe5 Qd2 17. Qe4 Qxb2 18. Rb1 Qc3 19. g3 Bb4 20. Kg2 a5 21. d5
cxd5 22. cxd5 O-O 23. Bd3 f5 24. Qxe6+ Kh8 25. Bxf5 Rae8 26. Qg6 Rxf5 27. Qxf5
Rf8 28. Qe4 Qd2 29. Rhf1 Qxa2 30. d6 Qf7 31. Rbd1 Rd8 32. Qe7 Qxe7 33. dxe7 Bxe7
34. Rxd8+ Bxd8 35. Rb1 b6 36. Kf3 a4 37. Ra1 b5 38. Rb1 a3 39. Ke4 1-0

[Event "Euro Online U2300 Day 1"]
[Site "chess.com INT"]
[Date "2020.05.25"]
[Round "1"]
[White "Pauly, Carlo"]
[Black "Lahdelma, Henri"]
[Result "0-1"]
[WhiteTitle "FM"]
[WhiteElo "2277"]
[BlackElo "2264"]
[WhiteFideId "24673269"]
[BlackFideId "510394"]
[EventDate "2020.05.25"]

1. d4 d5 2. c4 c6 3. Nf3 e6 4. e3 Nd7 5. Nc3 Ngf6 6. Qc2 Bd6 7. Bd3 dxc4 8. Bxc4
b5 9. Bd3 O-O 10. O-O Bb7 11. e4 e5 12. dxe5 Nxe5 13. Nxe5 Bxe5 14. h3 Bd4 15.
Ne2 Bb6 16. e5 Nd7 17. Bxh7+ Kh8 18. Bf5 Nxe5 19. Bf4 Qf6 20. Be4 Rfe8 21. Rae1
Rad8 22. Bd2 Nc4 23. Bc3 Qg5 24. Kh1 Nd2 25. f4 Qe7 26. Bxd2 Qxe4 27. Qxe4 Rxe4
28. Nc3 Rxe1 29. Bxe1 b4 30. Bh4 Rd2 31. Na4 Bd4 32. Re1 c5 33. Re8+ Kh7 34. Rb8
Bxg2+ 35. Kh2 Bc6+ 36. Kg3 Rg2# 0-1

[Event "Euro Online U2300 Day 1"]
[Site "chess.com INT"]
[Date "2020.05.25"]
[Round "1"]
[White "Kiolbasa, Oliwia"]
[Black "Kaliszuk, Kamil"]
[Result "1-0"]
[WhiteTitle "WIM"]
[WhiteElo "2160"]
[BlackElo "1930"]
[WhiteFideId "1154613"]
[BlackFideId "21870160"]
[EventDate "2020.05.25"]

1. e4 c5 2. Nf3 Nf6 3. e5 Nd5 4. Nc3 Nxc3 5. dxc3 Nc6 6. Bd3 Qc7 7. Qe2 e6 8.
Bf4 b6 9. O-O Bb7 10. Rad1 h6 11. Rfe1 O-O-O 12. Ba6 f5 13. Bxb7+ Kxb7 14. h4
Be7 15. h5 Rhg8 16. Nd2 g5 17. hxg6 Rxg6 18. Nc4 Rdg8 19. g3 Rg4 20. Qf3 h5 21.
Nd6+ Kb8 22. Rd3 Bg5 23. Bxg5 R8xg5 24. Ne8 Nxe5 25. Rxe5 Qxe5 26. Nd6 Re4 27.
Nf7 Qf6 28. Nxg5 Qxg5 29. Rxd7 Kc8 30. Qd3 Re1+ 31. Kg2 h4 32. Qd6 h3+ 33. Kh2 1-0

[Event "Euro Online U2300 Day 1"]
[Site "chess.com INT"]
[Date "2020.05.25"]
[Round "1"]
[White "Tsaruk, Maksim"]
[Black "Klimkowski, Jan"]
[Result "1-0"]
[WhiteTitle "FM"]
[WhiteElo "2302"]
[BlackElo "2193"]
[WhiteFideId "13511173"]
[BlackFideId "21856222"]
[EventDate "2020.05.25"]

1. e4 c5 2. Nf3 d6 3. d4 cxd4 4. Nxd4 Nf6 5. Nc3 a6 6. g3 e5 7. Nb3 Be6 8. Bg2
Be7 9. O-O O-O 10. a4 Nbd7 11. Re1 Nc5 12. Nxc5 dxc5 13. Nd5 Rc8 14. c4 Bxd5 15.
exd5 Qc7 16. a5 Ne8 17. Qb3 f5 18. d6 Bxd6 19. Qxb7 Nf6 20. Ra3 e4 21. Qxc7 Bxc7
22. Be3 Rfd8 23. Bxc5 Be5 24. b4 Nd7 25. Be3 Rxc4 26. Bf1 Rc6 27. b5 axb5 28.
Bxb5 Rcc8 29. Rd1 Nf6 30. Rxd8+ Rxd8 31. a6 Bb8 32. a7 Bxa7 33. Rxa7 h6 34. Be2
Kh7 35. h4 Kg6 36. h5+ Kh7 37. Kg2 Nd5 38. Bd4 Nf4+ 39. gxf4 Rxd4 40. Ra5 Rd2
41. Kf1 Rb2 42. Rxf5 Rb1+ 43. Kg2 Rb2 44. Bg4 e3 45. Re5 Rxf2+ 46. Kg3 Rb2 47.
Bf5+ Kg8 48. Bg6 Rb8 49. Rxe3 Kf8 50. Kg4 Ra8 51. Kf5 Ra5+ 52. Re5 Ra8 53. Kg4
Rb8 54. Be4 Rd8 55. Kf5 Kg8 56. Re7 Rf8+ 57. Ke5 Rb8 58. Bd5+ Kh8 59. f5 Rf8 60.
Bc6 Kh7 61. Be8 Kg8 62. Bg6 Kh8 63. Re8 Rxe8+ 64. Bxe8 Kg8 65. Ke6 Kh8 66. Kf7
Kh7 67. Kf8 Kh8 68. Bf7 Kh7 69. Ba2 Kh8 70. Bg8 g5 71. hxg6 1-0

[Event "Euro Online U2300 Day 1"]
[Site "chess.com INT"]
[Date "2020.05.25"]
[Round "1"]
[White "Stamatovic, Aleksandar"]
[Black "Kormos, Adam"]
[Result "0-1"]
[WhiteElo "2165"]
[BlackElo "2279"]
[WhiteFideId "928526"]
[BlackFideId "730483"]
[EventDate "2020.05.25"]

1. e4 g6 2. d4 Bg7 3. Nc3 d5 4. e5 f6 5. Nf3 Nh6 6. exf6 exf6 7. Qe2+ Kf7 8. Be3
Re8 9. O-O-O Nf5 10. Re1 Nxe3 11. fxe3 Bh6 12. Qf2 c5 13. h4 Kg7 14. h5 Nc6 15.
Bb5 cxd4 16. Nxd4 Nxd4 17. Bxe8 Qxe8 18. Nxd5 Nf5 19. Kb1 Qe5 20. g4 Qxd5 21.
gxf5 Qxf5 22. Qg2 Qg5 23. Qe4 Qe5 24. Qg2 Rb8 25. hxg6 hxg6 26. Reg1 Bg5 27. Rd1
Be6 28. e4 Rc8 29. Qf3 Qc5 30. Rh2 Qc4 31. b3 Qc3 32. Qh1 f5 33. Rh7+ Kg8 34. e5
Qxc2+ 35. Ka1 Qxd1+ 36. Qxd1 Rc1+ 37. Qxc1 Bxc1 38. Rxb7 Bf4 39. Re7 Bd5 40. Kb2
Kf8 41. Rxa7 Bxe5+ 42. Kc2 Be4+ 43. Kd2 g5 44. Ra5 Bf4+ 45. Ke2 g4 46. Ra6 Kf7
47. Ra7+ Kf6 48. Ra6+ Kg5 49. Ra7 Kh4 50. Rh7+ Kg3 51. a4 Bf3+ 52. Kf1 Be3 53.
a5 f4 54. a6 Bg2+ 55. Ke2 Bc5 56. a7 f3+ 57. Kd2 f2 58. Rf7 Bxa7 59. Rxa7 f1=Q
60. Ra4 Qf2+ 61. Kc3 Qe3+ 62. Kb2 Bd5 63. Rb4 Qd2+ 64. Ka3 Qxb4+ 65. Kxb4 Bxb3
66. Kxb3 Kf2 67. Kc3 g3 0-1